Formula One Constructors Starting With E - Statistics

General Stats
  • This quiz has been taken 18 times
  • The average score is 3 of 8
Answer Stats
Seasons Races Constructor % Correct
1973–1982 134 Ensign
85%
1966–1969 26 Eagle (Anglo American Racers)
69%
1950–1952 7 ERA (English Racing Automobiles)
38%
1988–1990 46 EuroBrun
38%
1953 1 EMW (Eisenacher Motorenwerk)
23%
1972 8 Eifelland
15%
1956, 1961–1962 6 Emeryson
15%
1962 1 ENB (Ecurie Nationale Belge)
8%
No matching quizzes found
Score Distribution
Percent of People with Each Score
Percentile by Number Answered
Your Score History
You have not taken this quiz